LIBRARY & INFORMATION CENTRE, KCAET, TAVANUR

ONLINE PUBLIC ACCESS CATALOGUE (OPAC)

Normal view MARC view
  • Lettering/Writing styles

Entry Topical Term

Number of records used in: 1

001 - CONTROL NUMBER

  • control field: 1543

003 - CONTROL NUMBER IDENTIFIER

  • control field: OSt

005 - DATE AND TIME OF LATEST TRANSACTION

  • control field: 20160926124939.0

008 - FIXED-LENGTH DATA ELEMENTS

  • fixed length control field: 160926|| aca||aabn | a|a d

040 ## - CATALOGING SOURCE

  • Original cataloging agency: OSt
  • Transcribing agency: OSt

150 ## - HEADING--TOPICAL TERM

  • Topical term or geographic name as entry element: Lettering/Writing styles

670 ## - SOURCE DATA FOUND

  • Source citation: Work cat.: (OSt)3: Sheperd, Margaret . 1541, Calligraphy Now: New Light on Traditional Letters, 1985.
free website counter